000 00692nam a2200169Ia 4500
008 220216s9999 xx 000 0 und d
100 _aPhilip S
245 0 _aIntegrated management of Corynespora leaf disease of rubber (Hevea brasiliensis) in nurseries using bacterial endophytes
260 _bPLACROSYM XXIII. Climate Resilient Technologies for Sustainability of Plantation Crops, 6-8 March 2019, Central Coffee Research Institute, Chikkamangaluru, Karnataka, India, Abstracts, p.116.
650 _aCorynespora
650 _aEndophytic bacteria and integrated control
650 _aHevea brasiliensis
700 _aJose G
700 _aPrem E
700 _aRajan Arya
942 _cBS
999 _c50285
_d50285